000 00418nam a22001697a 4500
003 SGT
020 _a9789387085817
082 _a617.7
_bT22K
100 _aKHURANA, A.K.
245 _aTHEORY AND PRACTICE OF SQUINT AND ORTHOPTICS
250 _a3RD
260 _aINDIA
_bCBS PUB.
_c2022
300 _a466
650 _aOPHTHALMOLOGY
653 _aTHEORY AND PRACTICE OF SQUINT AND ORTHOPTICS
942 _2ddc
_cBK
_039
999 _c23777
_d23777